[Event "Challenge"]
[Site "http://www.queenalice.com/game.php?id=1293807"]
[Date "2014.7.10"]
[Round "-"]
[White "Mivone"]
[Black "rocrico"]
[Result "0-1"]
[WhiteElo "1011"]
[BlackElo "1635"]

1. d4 e6 2. e3 Nc6 3. Bb5 Bb4+ 4. Bd2 a6 5. Nh3 axb5 6. a3 Ba5 7. Nc3 Nf6 8.
Nxb5 Bb6 9. Ng5 Ne4 10. Nf3 O-O 11. h4 d5 12. Ng5 Nxd2 13. Qxd2 Qe7 14. g3 Ra5
15. Nc3 Nb4 16. axb4 Rxa1+ 17. Nd1 Bd7 18. Ke2 Bb5+ 19. Kf3 Qf6+ 20. Kg2 h6 21.
Qc3 Be2 22. Qe1 Rxd1 23. Qxe2 Rxh1 24. Kxh1 hxg5 25. hxg5 Qxg5 26. c3 c6 27. Qa6
Bc7 28. Qxb7 Bd8 29. Qxc6 Qh5+ 30. Kg2 Qe2 31. b5 Qxb2 32. b6 Bxb6 33. e4 dxe4
34. Qxe4 Qxc3 35. d5 exd5 36. Qxd5 Qd4 37. Qxd4 Bxd4 38. g4 Re8 39. g5 Re2 40.
Kg3 Rxf2 0-1

[Event "AUTO-INT-3017"]
[Site "http://www.queenalice.com/game.php?id=1368240"]
[Date "2015.6.29"]
[Round "1"]
[White "Narizinho"]
[Black "rocrico"]
[Result "1-0"]
[WhiteElo "1257"]
[BlackElo "1560"]

1. e4 e6 2. Nf3 Nc6 3. Nc3 Nf6 4. Bb5 a6 5. Be2 d6 6. O-O Be7 7. d3 O-O 8. Bg5
e5 9. a3 Nd4 10. b4 Ng4 11. h3 Nxf2 12. Kxf2 Re8 13. Nd5 1-0

[Event "AUTO-INT-3017"]
[Site "http://www.queenalice.com/game.php?id=1368241"]
[Date "2015.6.29"]
[Round "1"]
[White "rocrico"]
[Black "Narizinho"]
[Result "0-1"]
[WhiteElo "1532"]
[BlackElo "1285"]

1. e3 e5 2. Nc3 Nc6 3. d3 Nf6 4. Be2 Bb4 5. Bd2 O-O 6. Nh3 d6 7. O-O Be6 8. Ng5
a6 9. Nxe6 fxe6 10. a3 Bc5 11. Bf3 d5 12. d4 exd4 0-1

[Event "AUTO-INT-3017"]
[Site "http://www.queenalice.com/game.php?id=1368256"]
[Date "2015.6.29"]
[Round "1"]
[White "salvachess"]
[Black "rocrico"]
[Result "1-0"]
[WhiteElo "1577"]
[BlackElo "1618"]

1. e4 e6 2. Nf3 Nc6 3. Bb5 a6 4. Bxc6 bxc6 5. d3 Rb8 6. O-O Nf6 7. Nc3 d6 8. Bg5
Be7 9. Bxf6 Bxf6 10. Qd2 a5 11. b3 Ra8 12. Rab1 Ba6 13. Ne2 Bb5 14. c4 Ba6 15.
Qxa5 1-0

[Event "AUTO-INT-3017"]
[Site "http://www.queenalice.com/game.php?id=1368257"]
[Date "2015.6.29"]
[Round "1"]
[White "rocrico"]
[Black "salvachess"]
[Result "0-1"]
[WhiteElo "1637"]
[BlackElo "1558"]

1. e3 e5 2. Nc3 Bb4 3. Nf3 Bxc3 4. bxc3 Nc6 5. Ba3 d6 6. Bd3 Nf6 7. Rb1 Bg4 8.
Bb5 Bxf3 9. Qxf3 O-O 10. Bxc6 bxc6 11. O-O c5 12. c4 Rb8 13. Rb3 a5 14. Re1 a4
0-1

[Event "AUTO-INT-3017"]
[Site "http://www.queenalice.com/game.php?id=1368266"]
[Date "2015.6.29"]
[Round "1"]
[White "saturnin"]
[Black "rocrico"]
[Result "1-0"]
[WhiteElo "1479"]
[BlackElo "1600"]

1. b4 e6 2. c3 Nc6 3. d4 Be7 4. b5 Na5 5. e4 Nf6 6. e5 Nd5 7. a4 Bh4 8. Nf3
Bxf2+ 9. Kxf2 b6 10. Ba3 d6 11. c4 Nf4 12. g3 Nh5 13. exd6 cxd6 14. g4 Nf4 15.
h4 1-0

[Event "AUTO-INT-3017"]
[Site "http://www.queenalice.com/game.php?id=1368267"]
[Date "2015.6.29"]
[Round "1"]
[White "rocrico"]
[Black "saturnin"]
[Result "0-1"]
[WhiteElo "1579"]
[BlackElo "1512"]

1. e3 e5 2. Nc3 g6 3. Nf3 Bg7 4. d3 Ne7 5. e4 O-O 6. Be2 b6 7. O-O c6 8. Bg5 f6
9. Be3 c5 10. Nb5 d5 11. Re1 dxe4 12. Nd2 a6 13. Na3 exd3 14. cxd3 Nd5 15. Ndc4
b5 0-1

[Event "AUTO-INT-3131"]
[Site "http://www.queenalice.com/game.php?id=1419972"]
[Date "2016.4.26"]
[Round "1"]
[White "rocrico"]
[Black "NickThorp"]
[Result "1-0"]
[WhiteElo "1468"]
[BlackElo "1716"]

1. e3 e5 2. Nc3 Nc6 3. Nf3 Bb4 4. a3 Bxc3 5. bxc3 d6 6. Rb1 Nf6 7. Bd3 e4 8. Bc4
exf3 9. Qxf3 Bg4 10. Qf4 Ne5 11. Bb5+ c6 12. Bf1 Nh5 13. Qb4 Bc8 14. Be2 Bg4 15.
Bxg4 Nxg4 16. Qxg4 g6 17. Rxb7 O-O 18. O-O f5 19. Qc4+ d5 20. Qxc6 Rf6 21. Qc5
Rb6 22. Rc7 Nf6 23. c4 dxc4 24. Qxc4+ Kh8 25. Qf7 Qg8 26. Qe7 Nd5 27. Bb2+ Rxb2
28. Qe5+ 1-0

[Event "Challenge"]
[Site "http://www.queenalice.com/game.php?id=1435231"]
[Date "2016.8.8"]
[Round "-"]
[White "Misanthrope"]
[Black "rocrico"]
[Result "0-1"]
[WhiteElo "1370"]
[BlackElo "1494"]

1. Nf3 e6 2. c4 Bc5 3. d4 Bb4+ 4. Bd2 Be7 5. Nc3 Nf6 6. e4 Nc6 7. Be2 d6 8. O-O
O-O 9. a3 e5 10. d5 Na5 11. b4 c6 0-1